000 00291nam a22001217a 4500
008 170529b xxu||||| |||| 00| 0 eng d
041 _aeng
080 _a622
100 _a25
101 _aIM
245 _aTHE AMERICAN CONSTITUTION CASES AND MATERIALS
_cLOCKHART.W.B
942 _2udc
_cBK
999 _c14742
_d14742